|
|
|
|
| LEADER |
01209nam a2200301 a 4500 |
| 001 |
8318 |
| 003 |
BD-DhAAL |
| 005 |
20151210140822.0 |
| 008 |
151210s2006 bg 000 0abeno |
| 010 |
|
|
|a 2006413718
|
| 020 |
|
|
|a 9844104866
|
| 040 |
|
|
|a DLC
|c DLC
|d DLC
|d BD-DhAAL
|
| 050 |
0 |
0 |
|a PK1718.H83
|b B57 2006
|
| 082 |
|
|
|a 891/.44/17
|
| 100 |
1 |
|
|a হক, সৈয়দ শামসুল.
|9 16503
|
| 245 |
1 |
0 |
|a বিশাল বাংলায় /
|c সৈয়দ শামসুল হক.
|
| 246 |
1 |
|
|i Title on t.p. verso:
|a Bishal Banglay
|
| 260 |
|
|
|a ঢাকা:
|b মাওলা ব্রাদার্স,
|c ২০১৪.
|
| 300 |
|
|
|a ১৯১ পৃ. ;
|c ২২ সে.মি.
|
| 520 |
|
|
|a Autobiography of a 20th century Bengali author from Bangladesh.
|
| 541 |
|
|
|e 8318
|
| 546 |
|
|
|a In Bengali.
|
| 600 |
1 |
0 |
|a Huq, Syed Shamsul.
|9 16504
|
| 650 |
|
0 |
|a Authors, Bengali
|z Bangladesh
|v Biography.
|9 16505
|
| 650 |
|
0 |
|a Authors, Bengali
|y 20th century
|v Biography.
|9 6616
|
| 942 |
|
|
|2 ddc
|c BK
|
| 999 |
|
|
|c 36382
|d 36382
|
| 952 |
|
|
|0 0
|1 0
|2 ddc
|4 0
|6 891_000000000000000__44_17_HAQ
|7 0
|9 57221
|a SCL
|b SCL
|c GEN
|d 2015-12-10
|g 162.00
|l 1
|o 891.4417 HAQ
|p 3020008318
|r 2026-05-21
|s 2017-10-23
|t 1
|w 2015-12-10
|y BK
|